| Tag |
First Indicator |
Second Indicator |
Subfields |
| LEADER |
00000cam a2200000 i 4500 |
| 001 |
in00000050410 |
| 005 |
20151007071824.0 |
| 008 |
760720s1963 nyuac b 00100 eng d |
| 035 |
|
|
|a (OCoLC)02322211
|
| 035 |
|
|
|9 AAE6703AM
|
| 040 |
|
|
|a GAT
|c GAT
|d TXA
|d UtOrBLW
|
| 049 |
|
|
|a TXAM
|c [416178]
|
| 090 |
|
|
|a QH613
|b .P46 1963a
|
| 092 |
|
|
|a 574.192
|b P483b, 1963
|
| 100 |
1 |
|
|a Peters, Rudolph Albert,
|c Sir.
|
| 245 |
1 |
0 |
|a Biochemical lesions and lethal synthesis.
|
| 264 |
|
1 |
|a New York :
|b Pergamon Press :
|b Macmillan,
|c 1963.
|
| 300 |
|
|
|a x, 321 pages :
|b illustrations, portrait, diagrams, tables. ;
|c 24 cm.
|
| 336 |
|
|
|a text
|b txt
|2 rdacontent
|
| 337 |
|
|
|a unmediated
|b n
|2 rdamedia
|
| 338 |
|
|
|a volume
|b nc
|2 rdacarrier
|
| 490 |
1 |
|
|a Modern trends in physiological sciences ;
|v v.18
|
| 490 |
1 |
|
|a International series of monographs on pure and applied biology. Division: Modern trends in physiological sciences ;
|v v. 18
|
| 504 |
|
|
|a Includes bibliographies.
|
| 650 |
|
0 |
|a Histochemistry.
|
| 650 |
|
0 |
|a Physiology, Pathological.
|
| 740 |
0 |
|
|a Lethal synthesis.
|
| 830 |
|
0 |
|a International series of monographs on pure and applied biology.
|p Division, Modern trends in physiological sciences ;
|v v.18.
|
| 830 |
|
0 |
|a International series of monographs on pure and applied biology. Division: Modern trends in physiological sciences ;
|v v. 18.
|
| 999 |
|
|
|a MARS
|
| 999 |
f |
f |
|s 51b2bb3d-c9cd-370d-b1b2-3ae718632c97
|i dd6b9edf-a2bd-359d-93ba-9982c95ef578
|t 0
|
| 952 |
f |
f |
|p ric
|a Texas A&M University
|b Rellis Campus
|c Joint Library Facility
|d Remote Storage
|t 0
|e QH613 .P46 1963a
|h Library of Congress classification
|i unmediated -- volume
|m A14800974010
|
| 998 |
f |
f |
|a QH613 .P46 1963a
|t 0
|l Remote Storage
|